000 00833nam a2200217Ia 4500
001 17190
005 20260320120017.0
008 260306t2017||||xx |||||||||||||| ||und||
041 _aESP
082 _a657.48
_bW27A
100 _aWarren, Carl S.
_eAUT
245 0 _aContabilidad financiera avanzada
260 _c2017
300 _avarias paginaciones :
_c27 cm.
650 _aGEN
654 _aCCO
856 _uhttps://itmsp.museknowledge.com/UCSP?url=https://www.ebooks7-24.com:443/?il=3781&pg=1
_zVersión digital
856 _uhttps://0u213tca7-y-https-ebooks7--24-com.itmsp.museknowledge.com/biblioteca.aspx
_zVéase además: Base de datos Ebook7-24
856 _uhttps://0u20ftcax-y-https-research-ebsco-com.itmsp.museknowledge.com/c/qxo6us/search
_zVéase además: Base de datos EBSCOhost
942 _cLIB
_dJUS
_fJUS
_2ddc
999 _c17190
_d17190